Statistics for Top 10 Largest Cities: Spain

Click here to take the quiz!

General Stats

  • This quiz has been taken 40 times
  • The average score is 8 of 10

Answer Stats

RankPopulationCity% Correct
21.6 millionBarcelona
100%
13.3 millionMadrid
100%
3814kValencia
95%
6568kMalaga
87%
10355kBilbao
85%
4703kSeville
82%
5674kZaragoza
72%
8401kPalma
62%
7437kMurcia
54%
9382kLas Palmas
38%

Score Distribution

Percentile by Number Answered

Percent of People with Each Score

Your Score History

You have not taken this quiz